000 nam a22 7a 4500
999 _c329225
_d329225
001 2163
003 ASAB
005 20170427124343.0
008 170427b xxu||||| |||| 00| 0 eng d
020 _a978-93-80179-64-3
040 _cASAB
082 _a630.95
245 _aSustainable Agricultural Development
_cby K.A Rasure
260 _aJAIPUR
_bOxford Book Company.
_c2010
300 _a281 P.
942 _2ddc
_cBK